Представление документа в формате RUSMARC

ПолеНазваниеЗначение
  Тип записи a
  Библиографический уровень m
001 Контрольный номер RU/SLIB/B/208760794
005 Дата корректировки 20201206204215.6
010 Индекс ISBN __
a ISBN 5-94723-479-3
d Цена 138-75
101 Язык документа 0_
a Язык текста rus
c Язык оригинала rus
200 Заглавие и сведения об ответственности 1_
a Заглавие Теоретические основы электротехники
e Сведения, относящиеся к заглавию учеб. для студентов вузов
f Первые сведения об ответственности К. С. Демирчян [и др.]
b Общее обозначение материала Текст
h Номер части Т. 1
205 Сведения об издании __
a Основные сведения об издании 4-е изд.
210 Выходные данные __
a Место издания СПб. [и др.]
c Издательство Питер
d Дата издания 2004
215 Физическое описание __
a Объем 463 с.
225 Серия __
a Серия Учебник для вузов
225 Серия __
a Серия Издательская программа "300 лучших учебников для высшей школы в честь 300-летия Санкт-Петербурга"
320 Библиография __
a Библиография Алф. указ.: с. 458-462
330 Аннотация __
a Аннотация Сформулированы основные понятия теории электрических и магнитных цепей. Приводятся упражнения и задачи. Для студентов.
606 Тематические рубрики __
a Основная рубрика Энергетика
606 Тематические рубрики __
a Основная рубрика Теоретические основы электротехники
610 Ключевые слова __
a Ключевые слова электрические цепи; магнитные цепи; линейные электрические цепи; электромагнитные поля
686 Индексы других классификаций __
a Классификационный индекс 31.21я73
701 Альтернативная интеллектуальная ответственность __
a Фамилия Демирчян
b Имя К. С.
4 Код отношения 070
701 Альтернативная интеллектуальная ответственность __
a Фамилия Нейман
b Имя Л. Р.
4 Код отношения 070
701 Альтернативная интеллектуальная ответственность __
a Фамилия Коровкин
b Имя Н. В.
4 Код отношения 070
701 Альтернативная интеллектуальная ответственность __
a Фамилия Чечурин
b Имя В. Л.
4 Код отношения 070
801 Источник записи _0
a Страна RU
b Организация Муниципальное бюджетное учреждение культуры "Централизованная библиотечная система" г. Сургут (Центральная городская библиотека им. А. С. Пушкина)
g Правила каталогизации КиК/Котельникова
801 Источник записи _1
a Страна RU
b Организация Муниципальное бюджетное учреждение культуры "Централизованная библиотечная система" г. Сургут (Центральная городская библиотека им. А. С. Пушкина)
g Правила каталогизации КиК/Котельникова
852 Данные о местонахождении __
j Шифр хранения 31.21я73
c Каталожный индекс 31.21я73
i Авторский знак Т 33
p Инвентарный номер 05020252
901 Тип документа __
t Тип документа m
903 Характеристики (МАРС) __
a Дата передачи 20050217
969 Тип издания __
a Тип издания учебник
990 Данные о заказе (DOS) __
j Количество экземпляров (DOS) 1
t N записи в КСУ для И/У (DOS) 200502